[Event "ICS rated bullet match"]
[Site "207.99.5.190"]
[Date "1999.03.15"]
[Round "?"]
[White "under1200"]
[Black "Hossa"]
[Result "1-0"]
[WhiteElo "2727"]
[BlackElo "2362"]
[Annotator "Crafty v16.5"]
[PlyCount "49"]

{annotating for player Hossa using a scoring margin of +0.10 pawns. search
time limit is 20.00} 1. e4 1... c5 2. Nf3 Nc6 3. d4 cxd4 4. Nxd4 Qa5+ 5. Nc3
Nf6 6. Nb3 Qe5 7. f4 Qe6 ({9:-1.26} 7... Qe6 8. e5 a6 9. Be2 Ng8 10. Nc5 Qg6
11. O-O 11... Qf5 $16) ({9:-0.78} 7... Qd6 8. Bd3 e5 9. O-O Be7 10. Nb5 Qb8 11.
fxe5 Qxe5 12. Qe2 $16) 8. e5 Ng4 9. Be2 d6 ({9:-2.30} 9... d6 10. Nb5 Kd8 11.
Nc5 Qg6 12. Nxb7+ Bxb7 13. Bxg4 Qe4+ 14. Kf2 14... Nb4 $18) ({9:-1.69} 9... f5
10. Nb5 Kd8 11. O-O Qg6 12. Qd3 Qf7 13. Bxg4 fxg4 14. Be3 $18) 10. Nb5 Kd8 11.
O-O Qg6 12. exd6 exd6 13. N3d4 Nxd4 14. Qxd4 Bd7 15. f5 Bxf5 16. Nxa7 Be4 ({
7:-2.79} 16... Be4 17. Qb6+ Ke7 18. Bxg4 Qxg4 19. Qc7+ Ke6 20. Qxf7+ Ke5 21.
Bf4+ Kd4 22. Rad1+ Kc5 23. Qc7+ Kb4 24. Bxd6+ Bxd6 25. Qxd6+ $18) ({7:-2.20} 
16... Ke8 17. Bb5+ Bd7 18. Bxd7+ Kxd7 19. Qb6 Ke6 20. Qxb7 Re8 21. Re1+ 21...
Ne5 $18) 17. Qb6+ Kd7 ({7:-5.72} 17... Kd7 18. Bb5+ Ke6 19. Bc4+ Ke5 20. Bxf7
Bxg2 21. Bf4+ Kf6 22. Bxg6 Bxf1 23. Rxf1 Kxg6 24. Qxb7 $18) ({7:-2.84} 17...
Ke7 18. Qc7+ Ke6 19. Bxg4+ f5 20. Bxf5+ Bxf5 21. Qxb7 Be4 22. Qb3+ 22... d5 $18
) 18. Bb5+ Ke7 ({7:-Mat06} 18... Ke7 19. Qc7+ Ke6 20. Bd7+ Kd5 21. Qa5+ Kd4 22.
Qc3+ Kd5 23. Nb5 $18) ({8:-5.85} 18... Ke6 19. Bc4+ Kd7 20. Bxf7 Qf6 21. Rxf6
Nxf6 22. Be3 22... Ke7 $18) 19. Qc7+ Ke6 20. Bd7+ Ke5 21. Qc3+ Kd5 22. Qa5+ Kd4
23. c3+ Kd3 24. Bb5+ Kc2 25. Qa4# 1-0

[Event "ICS rated standard match"]
[Site "207.99.5.190"]
[Date "1999.03.15"]
[Round "?"]
[White "Hossa"]
[Black "TDChess"]
[Result "1/2-1/2"]
[WhiteElo "2128"]
[BlackElo "2429"]
[PlyCount "211"]

1. e4 d5 2. exd5 Qxd5 3. Nc3 Qe6+ 4. Be2 Qg6 5. Bf3 Nc6 6. d3 Nd4 7. Be3 e5 8.
Bxd4 exd4 9. Qe2+ Kd8 10. Nb5 Qb6 11. Qe5 Bd7 12. a4 Nf6 13. Ne2 Bb4+ 14. Kf1
a6 15. Nbxd4 Bd6 16. a5 Qb4 17. Qg5 Qxb2 18. Re1 Rg8 19. c3 c6 20. Nf5 Bxf5 21.
Qxf5 Bc7 22. g4 Qb5 23. Qxb5 axb5 24. Kg2 Rxa5 25. Ra1 Re8 26. Rxa5 Bxa5 27.
Ra1 Bc7 28. Ra7 Kc8 29. g5 Kb8 30. Ra2 Ng8 31. Be4 g6 32. h4 f5 33. Bf3 Rd8 34.
d4 h6 35. gxh6 Nxh6 36. d5 cxd5 37. Rd2 Ng4 38. Rxd5 Rxd5 39. Bxd5 Bb6 40. Bf7
Bxf2 41. Bxg6 Bxh4 42. Kh3 Bf6 43. Bxf5 Nf2+ 44. Kg3 Nd1 45. Bd3 Nxc3 46. Nxc3
Bxc3 47. Bxb5 Kc7 48. Kh3 Kd6 49. Kg4 Kc5 50. Bd3 Be5 51. Kh4 Kd4 52. Bf5 b5
53. Kg4 b4 54. Kh4 b3 55. Kg4 Ke3 56. Bb1 b2 57. Kh4 Kd4 58. Ba2 Bb8 59. Kh5
Kc3 60. Bb1 Ba7 61. Kh6 Kb3 62. Kh7 Bb6 63. Be4 Ka2 64. Kh8 Ka3 65. Kg8 Bf2 66.
Kh8 Ka2 67. Kg8 Bg3 68. Kh8 Kb3 69. Bb1 Be5+ 70. Kg8 Ka3 71. Be4 Ka2 72. Kf7
Bc3 73. Ke8 Bd2 74. Kd7 Bg5 75. Ke6 Be3 76. Kf6 Bf2 77. Kg6 Kb3 78. Bb1 Ka4 79.
Kh6 Ka3 80. Kg6 Bd4 81. Be4 Be3 82. Kh5 Ka2 83. Kg6 Bd2 84. Kh5 Ka3 85. Bb1 Ba5
86. Kh6 Bb6 87. Kh7 Kb4 88. Kh8 Bd4+ 89. Kg8 Kc4 90. Ba2+ Kb5 91. Kh7 Kb4 92.
Kg8 Ka3 93. Bb1 Ka4 94. Kh7 Kb3 95. Kg8 Ka3 96. Kh7 Ka4 97. Kg8 Kb3 98. Bd3 Ka2
99. Kh7 Be5 100. Be4 Ka1 101. Kg8 Ka2 102. Kh7 Bc7 103. Bd3 Ka1 104. Kh8 Ka2
105. Kg8 b1=Q 106. Bxb1+ {Game drawn because neither player has mating material
} 1/2-1/2

[Event "ICS rated bullet match"]
[Site "207.99.5.190"]
[Date "1999.03.15"]
[Round "?"]
[White "leono"]
[Black "Hossa"]
[Result "0-1"]
[WhiteElo "2295"]
[BlackElo "2360"]
[PlyCount "60"]

1. e4 c5 2. Nc3 Nc6 3. g3 Nf6 4. Bg2 e5 5. d3 Be7 6. Be3 O-O 7. h3 Qb6 8. Nge2
Qxb2 9. Rb1 Qa3 10. O-O Nd4 11. Qd2 Nxe2+ 12. Nxe2 Qxa2 13. f4 Qe6 14. fxe5
Qxe5 15. c3 d6 16. d4 cxd4 17. cxd4 Qe6 18. Nf4 Qd7 19. Rfd1 Re8 20. Qe2 Bd8
21. e5 Qe7 22. Nd3 Bb6 23. Rxb6 axb6 24. Re1 dxe5 25. dxe5 Nd7 26. Nf4 Qxe5 27.
Qc4 Qg5 28. Nd5 Qxg3 29. Rd1 Rxe3 30. Nxe3 30... Qxe3+ {leono resigns} 0-1

[Event "ICS rated standard match"]
[Site "207.99.5.190"]
[Date "1999.03.15"]
[Round "?"]
[White "TDChess"]
[Black "Hossa"]
[Result "1-0"]
[WhiteElo "2418"]
[BlackElo "2139"]
[Annotator "Crafty v16.5"]
[PlyCount "112"]

{annotating for player Hossa using a scoring margin of +0.10 pawns. search
time limit is 20.00} 1. d4 1... Nf6 2. Nf3 e6 3. e3 Be7 4. Bd3 O-O 5. O-O d5 6.
c4 Nc6 7. Nc3 Nb4 8. Be2 Bd7 9. a3 Nc6 10. b4 dxc4 11. Bxc4 Qe8 ({9:-0.83} 
11... Qe8 12. Ne5 Bc8 13. Bb5 Bd7 14. Nxd7 Qxd7 15. f4 a5 16. Bxc6 16... Qxc6
$16) ({9:-0.43} 11... a6 12. Ne5 Nxe5 13. dxe5 Ne8 14. Ra2 Bc6 15. Rd2 Qc8 16.
Qc2 $14) 12. e4 Kh8 ({8:-0.75} 12... Kh8 13. e5 Ng8 14. Bf4 Rd8 15. Qd3 a5 16.
b5 $16) ({8:-0.47} 12... Bc8 13. e5 Nd7 14. Qd3 Nb6 15. Ng5 Bxg5 16. Bxg5 Nxc4
17. Qxc4 $14) 13. Be2 Rc8 14. b5 Nb8 15. Qb3 c5 16. dxc5 Bxc5 17. e5 Nd5 18.
Ne4 Be7 19. Bd2 f6 20. Rfc1 Qg6 21. Nd6 Bxd6 ({8:-0.72} 21... Bxd6 22. exd6 Kg8
23. Qd3 Qf7 24. Rxc8 Rxc8 25. Qd4 a6 26. b6 $16) ({8:-0.25} 21... Rxc1+ 22.
Rxc1 fxe5 23. Nxb7 e4 24. Ne5 Qf5 25. Qg3 Bf6 26. Nc6 $10) 22. exd6 Rfd8 23.
Rc4 Qf7 24. Rd1 Qf8 25. Ba5 Re8 26. Rc7 Qxd6 27. Rxb7 Qc5 28. Bd2 Rc7 29. Rxc7
Qxc7 30. Rc1 Qb7 31. a4 Rc8 32. Rd1 Na6 33. Qa2 Nc5 34. Nd4 Qc7 35. Bf3 Qe5 36.
Nb3 Ne4 37. Re1 Nxd2 38. Rxe5 Nxf3+ 39. gxf3 fxe5 40. Qa3 Re8 41. Qd6 Bc8 42.
Qb8 Rd8 43. Qxa7 Nf4 44. h4 Nd3 45. b6 Kg8 46. b7 Bxb7 47. Qxb7 Nf4 48. Nc5 h5
49. a5 Rd5 50. Ne4 Ne2+ 51. Kh2 Nd4 52. Ng5 Nxf3+ 53. Nxf3 Rd8 54. a6 Rf8 55.
a7 Kh7 56. Qe4+ g6 1-0

[Event "ICS rated standard match"]
[Site "207.99.5.190"]
[Date "1999.03.15"]
[Round "?"]
[White "Hossa"]
[Black "chessassassin"]
[Result "1/2-1/2"]
[WhiteElo "2134"]
[BlackElo "1994"]
[PlyCount "139"]

1. e4 c6 2. Nc3 e6 3. d4 d5 4. exd5 exd5 5. Bd3 Bd6 6. Nf3 Bg4 7. O-O Nf6 8.
Re1+ Be7 9. Qe2 Bxf3 10. Qxf3 O-O 11. Bd2 Nbd7 12. Re2 Bd6 13. Qh3 g6 14. Rd1
Re8 15. Rxe8+ Qxe8 16. Re1 Qf8 17. Bh6 Qd8 18. Be3 Qe7 19. Re2 Qe6 20. Qxe6
fxe6 21. Bg5 Re8 22. f4 Kf7 23. a4 Bc7 24. Nd1 c5 25. Bb5 a6 26. Bxd7 Nxd7 27.
c3 cxd4 28. cxd4 Bb6 29. Rd2 e5 30. fxe5 Nxe5 31. Rf2+ Kg8 32. dxe5 Bxf2+ 33.
Kxf2 Rxe5 34. Be3 b5 35. axb5 axb5 36. Nc3 b4 37. Na2 Re4 38. b3 Kf7 39. Bc5
Rf4+ 40. Ke3 Re4+ 41. Kd3 Rg4 42. g3 Ke6 43. Nxb4 h5 44. Nc2 h4 45. gxh4 Rxh4
46. Nd4+ Kf6 47. Kc3 Rxh2 48. Kb4 Rh4 49. Kb5 g5 50. Kc6 g4 51. Be7+ Kxe7 52.
Nf5+ Ke6 53. Nxh4 d4 54. Ng2 Ke5 55. b4 d3 56. Ne3 Kf4 57. Nd5+ Kf3 58. b5 d2
59. Nc3 g3 60. b6 g2 61. b7 g1=Q 62. b8=Q Qg6+ 63. Qd6 Qxd6+ 64. Kxd6 Ke3 65.
Nd1+ Kd3 66. Kd5 Kc2 67. Ne3+ Kd3 68. Nd1 Ke2 69. Nc3+ Kd3 70. Nd1 {
Game drawn by repetition} 1/2-1/2

[Event "ICS rated standard match"]
[Site "207.99.5.190"]
[Date "1999.03.15"]
[Round "?"]
[White "TDChess"]
[Black "Hossa"]
[Result "1-0"]
[WhiteElo "2423"]
[BlackElo "2128"]
[Annotator "Crafty v16.5"]
[PlyCount "112"]

{annotating for player Hossa using a scoring margin of +0.10 pawns. search
time limit is 20.00} 1. d4 1... Nf6 2. Nf3 e6 3. e3 Be7 4. Bd3 O-O 5. O-O d5 6.
c4 Nc6 7. Nc3 Nb4 8. Be2 Bd7 9. a3 Nc6 10. b4 dxc4 11. Bxc4 Qe8 ({9:-0.83} 
11... Qe8 12. Ne5 Bc8 13. Bb5 Bd7 14. Nxd7 Qxd7 15. f4 a5 16. Bxc6 16... Qxc6
$16) ({9:-0.43} 11... a6 12. Ne5 Nxe5 13. dxe5 Ne8 14. Ra2 Bc6 15. Rd2 Qc8 16.
Qc2 $14) 12. e4 Kh8 ({8:-0.75} 12... Kh8 13. e5 Ng8 14. Bf4 Rd8 15. Qd3 a5 16.
b5 $16) ({8:-0.47} 12... Bc8 13. e5 Nd7 14. Qd3 Nb6 15. Ng5 Bxg5 16. Bxg5 Nxc4
17. Qxc4 $14) 13. Be2 Rc8 14. Re1 Nb8 ({9:-0.57} 14... Nb8 15. Bc4 c6 16. Qd3
Kg8 17. Bg5 Ng4 18. Rac1 18... Rd8 $14) ({9:-0.40} 14... Kg8 15. Qd3 a6 16. e5
Nd5 17. Ng5 Bxg5 18. Bxg5 f6 19. Nxd5 19... fxg5 $14) 15. Ne5 Rd8 16. Be3 Nc6
17. Nb5 Bd6 18. Nxd6 cxd6 19. Nxd7 Qxd7 20. b5 Ne7 21. Bd3 Rc8 22. Qa4 Rc3 23.
Red1 b6 24. Rac1 Rfc8 25. Rxc3 Rxc3 26. Qb4 Rc8 27. a4 d5 28. e5 Ne4 29. Re1
Nf5 30. Bf4 Qc7 31. f3 Qc3 32. Rc1 Qxd4+ 33. Qxd4 Rxc1+ 34. Bxc1 Nxd4 35. fxe4
dxe4 36. Bc4 Nf5 37. Ba2 Ne7 38. Bb1 Nd5 39. Kf2 f5 40. exf6 Nxf6 41. Ba2 Ng4+
42. Ke2 e5 43. Be6 Nxh2 44. Bb2 h6 45. Bxe5 Kh7 46. Bxh2 Kg6 47. Bb8 Kf6 48.
Bd5 h5 49. Bxe4 h4 50. a5 bxa5 51. Bxa7 h3 52. gxh3 Kg5 53. Kd3 a4 54. b6 Kh4
55. b7 Kxh3 56. b8=Q Kg4 1-0

[Event "ICS rated standard match"]
[Site "207.99.5.190"]
[Date "1999.03.15"]
[Round "?"]
[White "Hossa"]
[Black "boyvinik"]
[Result "1-0"]
[WhiteElo "2123"]
[BlackElo "2238"]
[PlyCount "75"]

1. e4 c5 2. Bc4 e6 3. Nc3 a6 4. d3 b5 5. Bb3 Bb7 6. Nf3 d6 7. O-O Be7 8. Bd2
Nf6 9. e5 Ng4 10. a4 Nxe5 11. Nxe5 dxe5 12. axb5 axb5 13. Rxa8 Bxa8 14. Nxb5
Nd7 15. Qh5 O-O 16. Ra1 Qb6 17. Nc3 Bc6 18. Bc1 Qb4 19. Be3 e4 20. dxe4 c4 21.
Ra6 cxb3 22. Rxc6 bxc2 23. Bc1 Nf6 24. Qe2 Rd8 25. Qxc2 Nxe4 26. g3 Nc5 27. Be3
Nd3 28. Rb6 Qg4 29. Rb7 Bf6 30. Bb6 Qf3 31. Bxd8 Bxc3 32. Rb8 h5 33. Bf6+ Kh7
34. Bxc3 f5 35. Rd8 Nc5 36. Bxg7 Ne4 37. Bd4 Ng5 38. Qc7+ {boyvinik resigns}
1-0

[Event "ICS rated standard match"]
[Site "207.99.5.190"]
[Date "1999.03.15"]
[Round "?"]
[White "boyvinik"]
[Black "Hossa"]
[Result "0-1"]
[WhiteElo "2217"]
[BlackElo "2144"]
[PlyCount "67"]

1. e4 e5 2. Nf3 Nc6 3. Bb5 a6 4. Ba4 Nf6 5. O-O Be7 6. Re1 b5 7. Bb3 O-O 8. c3
d6 9. h3 Na5 10. Bc2 Bb7 11. d4 exd4 12. cxd4 Re8 13. Nc3 b4 14. Nd5 Nxd5 15.
exd5 Bxd5 16. Qd3 g6 17. Bh6 Bf6 18. Ba4 Rxe1+ 19. Rxe1 c6 20. Nd2 Bxa2 21. b3
c5 22. Ra1 Bxb3 23. Nxb3 c4 24. Qf3 Nxb3 25. Bxb3 cxb3 26. Rd1 b2 27. Qb3 a5
28. Qxb2 Qb6 29. Qb3 Bxd4 30. Qd5 Bxf2+ 31. Kh1 Re8 32. Qxd6 Qxd6 33. Rxd6 b3
34. g4 {boyvinik resigns} 0-1

[Event "ICS Rated standard match"]
[Site "207.99.5.190"]
[Date "1999.03.15"]
[Round "?"]
[White "Hossa"]
[Black "TDChess"]
[Result "0-1"]
[WhiteElo "2163"]
[BlackElo "2428"]
[Annotator "Crafty v16.5"]
[PlyCount "93"]

{annotating for player Hossa using a scoring margin of +0.10 pawns. search
time limit is 10.00} 1. e4 1... d5 2. exd5 Qxd5 3. Nc3 Qe6+ 4. Be2 Qg6 5. Bf3
Nc6 6. d3 Nd4 7. Be3 e5 8. Bxd4 exd4 9. Qe2+ Kd8 10. Nb5 Qb6 11. Qe5 Bd7 12. a4
Nf6 13. Ne2 ({7:-0.51} 13. Ne2 13... Bb4+ 14. Kf1 a6 15. Na3 Bxa3 16. bxa3 c5
17. a5 $15) ({7:-0.32} 13. O-O-O 13... c5 14. Bd5 Nxd5 15. Qxd5 Qc6 16. Qxf7
16... Qxg2 $15) 13... Bb4+ 14. c3 ({7:-0.66} 14. c3 14... dxc3 15. Nbxc3 Bd6
16. Qg5 Qxb2 17. O-O 17... Rg8 $15) ({7:-0.43} 14. Kf1 14... Bc5 15. Qg5 Bxb5
16. axb5 Qxb5 17. Qxg7 17... Ke7 $15) 14... dxc3 15. Nbxc3 Re8 16. Qg5 Bf8 17.
O-O Kc8 18. a5 Qa6 19. Rfc1 ({7:-0.07} 19. Rfc1 19... Qxd3 20. a6 c6 21. axb7+
Kxb7 22. Rd1 Qf5 23. Qd2 $10) ({7:+0.29} 19. Rfd1 19... h6 20. Qg3 g6 21. Ne4
Nd5 22. Nd4 $10) 19... Qxd3 20. a6 c6 21. Rd1 Qc4 22. axb7+ Kxb7 23. Nd4 Qb4
24. Ra4 Qb6 25. Rc4 h6 26. Qc1 Rac8 27. Na4 Qa6 28. Nb3 Re5 29. Nac5+ Rxc5 30.
Nxc5+ Bxc5 31. Rxc5 Qb6 32. Rd4 Nd5 33. b4 a6 34. Bxd5 cxd5 35. Rdxd5 Be6 36.
Rxc8 Bxd5 37. Qc5 Qxc5 38. Rxc5 Be6 39. f4 g6 40. Kf2 h5 41. f5 Bxf5 42. Rxf5
gxf5 43. Kg3 Kc6 44. Kf4 Kb5 45. g3 Kxb4 46. Kxf5 a5 47. Kf6 0-1

[Event "ICS rated bullet match"]
[Site "207.99.5.190"]
[Date "1999.03.15"]
[Round "?"]
[White "Hossa"]
[Black "TDChess"]
[Result "0-1"]
[WhiteElo "2370"]
[BlackElo "2529"]
[Annotator "Crafty v16.5"]
[PlyCount "59"]

{annotating for player Hossa using a scoring margin of +0.10 pawns. search
time limit is 10.00} 1. e4 1... d5 2. exd5 Qxd5 3. Nc3 Qe6+ 4. Be2 Qg6 5. Bf3
Nc6 6. d3 Nd4 7. Be3 e5 8. Nd5 ({7:+0.00} 8. Nd5 8... Qd6 9. Nc3 9... Qg6 $10)
({7:+0.30} 8. Bxd4 8... exd4 9. Qe2+ Ne7 10. Nd5 Qd6 11. O-O-O c6 12. Nxe7
12... Bxe7 $10) 8... Qd6 9. Bxd4 exd4 10. c3 c6 11. Nb4 Bf5 12. Qe2+ Be7 13.
Bg4 dxc3 14. bxc3 Bxg4 15. Qxg4 a5 16. d4 ({9:-3.88} 16. d4 16... axb4 17. Qxg7
Bf6 18. Qg4 bxc3 19. Ne2 Ne7 20. O-O $19) ({9:-2.83} 16. Nxc6 16... Qxc6 17.
Ne2 Bf6 18. d4 Nh6 19. Qh3 O-O 20. O-O $19) 16... Nf6 17. Qxg7 Rg8 18. Qxg8+
Nxg8 19. Nd3 Qg6 20. Nf4 Qe4+ 21. Nge2 Bd6 22. f3 Qe3 23. Nh3 O-O-O 24. Nf2 Re8
25. Ne4 Bc7 26. Kf1 f5 27. N4g3 Bxg3 28. Nxg3 Qxc3 29. Rd1 Qc2 30. Re1 0-1

[Event "ICS rated bullet match"]
[Site "207.99.5.190"]
[Date "1999.03.15"]
[Round "?"]
[White "mandamus"]
[Black "Hossa"]
[Result "1-0"]
[WhiteElo "2596"]
[BlackElo "2361"]
[Annotator "Crafty v16.5"]
[PlyCount "117"]

{annotating for player Hossa using a scoring margin of +0.10 pawns. search
time limit is 10.00} 1. e4 1... e5 2. Nf3 Nc6 3. d4 exd4 4. Nxd4 Qh4 5. Nb5
Qxe4+ ({7:-0.04} 5... Qxe4+ 6. Be2 Bb4+ 7. N1c3 Bxc3+ 8. bxc3 Kf8 9. O-O Qe5
10. f4 Qc5+ 11. Rf2 $10) ({7:+0.08} 5... Bb4+ 6. N1c3 Ba5 7. Qf3 a6 8. Bc4 Nf6
9. g3 $10) 6. Be2 Bb4+ 7. Bd2 Qe5 8. O-O Nf6 9. f4 Qc5+ 10. Kh1 Qb6 11. Be3 Qa5
12. c3 Be7 13. b4 Nxb4 14. cxb4 Bxb4 15. Qd4 c6 ({8:-1.69} 15... c6 16. Qe5+
Kd8 17. a3 Re8 18. Qd4 c5 19. axb4 cxd4 20. Rxa5 dxe3 21. Nxa7 $18) ({8:-1.57} 
15... O-O 16. Nxc7 Qxc7 17. Qxb4 Nd5 18. Qc5 Qxc5 19. Bxc5 19... Rd8 $18) 16.
Qe5+ Kd8 17. a3 Re8 18. Qd4 Be7 19. N5c3 d6 20. Nd2 Be6 21. Nc4 Bxc4 22. Qxc4
d5 23. Qb3 Kc8 24. Bd4 Bd6 25. Bd3 h5 26. Qc2 h4 27. Nb5 Bc7 28. Nxc7 Qxc7 29.
Bf5+ Nd7 30. Bxg7 Qd8 31. Qf2 a6 32. Be5 f6 33. Bd4 Rh8 34. Bxd7+ Kxd7 35. Qb2
Qc7 36. Bxf6 Rh7 37. Rae1 Rg8 38. Be5 Qc8 39. Kg1 h3 40. g3 Qa8 41. Qd4 Rf7 42.
f5 Qf8 43. Qa7 Qc8 44. Qd4 Qf8 45. Qb6 Kc8 46. Qa7 Rc7 47. Qa8+ Kd7 48. Qxf8
Rxf8 49. Bxc7 Kxc7 50. Re7+ Kd8 51. Rxb7 Rf6 52. g4 Kc8 53. Rg7 Kd8 54. g5 Rf8
55. f6 Rxf6 56. gxf6 Kc8 57. f7 Kb7 58. f8=Q+ Kb6 59. Qb4# 1-0

[Event "ICS Rated standard match"]
[Site "207.99.5.190"]
[Date "1999.03.15"]
[Round "?"]
[White "boyvinik"]
[Black "Hossa"]
[Result "0-1"]
[WhiteElo "2211"]
[BlackElo "2157"]
[PlyCount "46"]

1. e4 c5 2. Nf3 Nc6 3. Nc3 Nf6 4. d4 cxd4 5. Nxd4 Qa5 6. f3 Qb6 7. Nb3 e6 8.
Bg5 Be7 9. Be2 O-O 10. Qd2 d5 11. exd5 Nxd5 12. Nxd5 exd5 13. O-O-O Bxg5 14.
Qxg5 Re8 15. Rhe1 Be6 16. Bd3 Nb4 17. Qh4 Nxd3+ 18. Rxd3 Rac8 19. g4 d4 20. f4
Bxb3 21. Rxb3 Qa5 22. Rd1 Qxa2 23. Rxd4 23... Qxb3 {boyvinik resigns} 0-1

[Event "ICS Rated standard match"]
[Site "207.99.5.190"]
[Date "1999.03.15"]
[Round "?"]
[White "Hossa"]
[Black "boyvinik"]
[Result "0-1"]
[WhiteElo "2175"]
[BlackElo "2193"]
[Annotator "Crafty v16.5"]
[PlyCount "138"]

{annotating for player Hossa using a scoring margin of +0.10 pawns. search
time limit is 10.00} 1. e4 1... d5 2. exd5 Qxd5 3. Nc3 Qa5 4. Nf3 Bg4 5. Bc4 e6
6. h3 Bh5 7. g4 ({7:+0.23} 7. g4 7... Bg6 8. Rg1 Nf6 9. g5 Ne4 10. Nb5 $10) ({
7:+0.52} 7. O-O $14) 7... Bg6 8. h4 h5 9. gxh5 Bxh5 10. d4 ({7:-0.50} 10. d4
10... Bb4 11. Bd2 Nc6 12. Bb5 O-O-O 13. Bxc6 13... bxc6 $15) ({7:-0.29} 10. Rg1
10... Nd7 11. Qe2 Qf5 12. Bd5 O-O-O 13. Nd4 $10) 10... Nf6 11. Be2 Nc6 12. Bb5
({8:-1.75} 12. Bb5 12... Nd5 13. Bxc6+ bxc6 14. Rh3 Nxc3 15. bxc3 Bg4 16. Rg3
Qxc3+ 17. Bd2 Bxf3 18. Bxc3 Bxd1 19. Rxd1 19... Rxh4 $19) ({8:-1.11} 12. Rg1
12... O-O-O 13. Rg5 Qb4 14. a3 Qd6 15. Nb5 15... Qd7 $17) 12... O-O-O 13. Bxc6
bxc6 14. Qd3 c5 15. Ne5 ({7:-1.58} 15. Ne5 15... Qb6 16. Nb5 a6 17. Nc6 axb5
18. Nxd8 Kxd8 19. dxc5+ $19) ({7:-1.22} 15. Bg5 15... Be7 16. O-O-O cxd4 17.
Ne2 Qxa2 18. Nexd4 $17) 15... Rxd4 16. Nc6 Rxd3 17. Nxa5 Rd6 18. Bg5 Ra6 19.
Bxf6 gxf6 20. Nc4 Bh6 21. Ne3 Rd8 22. Ne4 Bf3 23. Nxc5 Rc6 24. Rh3 Bxe3 25.
fxe3 Rxc5 26. Rxf3 Rxc2 27. b3 f5 28. Rf2 Rc3 29. Ke2 Rdd3 30. Rf3 f4 31. Rxf4
Rxe3+ 32. Kd2 f5 33. Rd4 Rh3 34. Re1 Rc6 35. Ra4 Rd6+ 36. Kc2 a6 37. Re2 Kd7
38. Rc4 Rd5 39. Ra4 Rc5+ 40. Kb2 Rc6 41. Rc2 e5 42. Rxc6 Kxc6 43. Rxa6+ Kd5 44.
Ra5+ Kd4 45. Ka3 f4 46. Ra4+ Kd3 47. Ra5 e4 48. Rd5+ Ke2 49. Rd4 Ke3 50. Rc4 f3
51. Rxc7 Rxh4 52. Kb2 f2 53. Rc1 Rf4 54. a4 f1=Q 55. Rxf1 Rxf1 56. b4 Kd4 57.
a5 Kc4 58. a6 Kxb4 59. a7 Rf2+ 60. Kb1 Rf8 61. Kc2 Ra8 62. Kd2 Rxa7 63. Ke2 Ra3
64. Kf2 Kc4 65. Ke2 Kd4 66. Ke1 Ra2 67. Kf1 Ke3 68. Kg1 Kf3 69. Kf1 Ra1# 0-1

[Event "ICS rated bullet match"]
[Site "207.99.5.190"]
[Date "1999.03.15"]
[Round "?"]
[White "JSBach"]
[Black "Hossa"]
[Result "0-1"]
[WhiteElo "2116"]
[BlackElo "2328"]
[PlyCount "92"]

1. e4 e5 2. Nf3 Nc6 3. Bb5 a6 4. Bxc6 dxc6 5. d4 exd4 6. Qxd4 Qxd4 7. Nxd4 Bd7
8. Bf4 O-O-O 9. O-O Bg4 10. Be3 Nf6 11. Nd2 Bc5 12. c3 Rhe8 13. f3 Be6 14. Rad1
Bxa2 15. b3 Bxd4 16. Bxd4 Re6 17. e5 c5 18. Bxc5 Rxe5 19. Bd4 Re2 20. Rf2 Rxf2
21. Kxf2 Ne8 22. h4 c5 23. Re1 cxd4 24. cxd4 Nf6 25. Rc1+ Kb8 26. Rc4 Nd5 27.
Rc2 Nb4 28. Rc4 a5 29. Ke3 Re8+ 30. Kf2 Nd3+ 31. Kg3 Re2 32. d5 Rxd2 33. d6 Nb4
34. d7 Rxd7 35. Rc3 Rd3 36. Rc5 Nc6 37. Rg5 Bxb3 38. Rxg7 a4 39. Rxh7 a3 40.
Kf2 a2 41. Ke2 a1=Q 42. Rh5 Re3+ 43. Kxe3 Qd4+ 44. Ke2 Bc4+ 45. Ke1 Qe3+ 46.
Kd1 46... Bb3# {JSBach checkmated} 0-1

[Event "ICS rated bullet match"]
[Site "207.99.5.190"]
[Date "1999.03.15"]
[Round "?"]
[White "Hossa"]
[Black "JSBach"]
[Result "1-0"]
[WhiteElo "2335"]
[BlackElo "2109"]
[PlyCount "57"]

1. e4 e5 2. Nf3 Nc6 3. Bc4 Nf6 4. Ng5 d5 5. exd5 Nxd5 6. Qh5 g6 7. Qf3 Qxg5 8.
Bxd5 Nd8 9. O-O Bg4 10. Qb3 c6 11. d3 Qh5 12. Be4 f5 13. f3 fxe4 14. fxg4 Bc5+
15. Kh1 Qxg4 16. Bh6 e3 17. Bg7 e2 18. Re1 Bf2 19. Rxe2 Qxe2 20. Nc3 Qh5 21.
Ne4 Rf8 22. Bxf8 Qe2 23. Qg8 Kd7 24. Qxh7+ Kc8 25. Bd6 Nf7 26. Qxf7 Qe1+ 27.
Rxe1 Bb6 28. Qe8+ Bd8 29. Qe6# {JSBach checkmated} 1-0

[Event "ICS rated bullet match"]
[Site "207.99.5.190"]
[Date "1999.03.15"]
[Round "?"]
[White "mandamus"]
[Black "Hossa"]
[Result "1-0"]
[WhiteElo "2611"]
[BlackElo "2337"]
[Annotator "Crafty v16.5"]
[PlyCount "64"]

{annotating for player Hossa using a scoring margin of +0.10 pawns. search
time limit is 10.00} 1. e4 1... c5 2. Nf3 Nf6 3. e5 Nd5 4. Nc3 Nxc3 ({8:-0.63} 
4... Nxc3 5. dxc3 d6 6. Bc4 Nc6 7. O-O dxe5 8. Qxd8+ Nxd8 9. Nxe5 9... Bf5 $14)
({8:-0.48} 4... Nf4 5. Na4 d6 6. d4 Ng6 7. exd6 Qa5+ 8. Nc3 8... exd6 $14) 5.
dxc3 d6 6. Bb5+ Bd7 7. Bc4 dxe5 ({7:-1.59} 7... dxe5 8. Ng5 e6 9. Qf3 f6 10.
Qxb7 Nc6 11. Nxe6 Bxe6 12. Bxe6 $18) ({7:-0.74} 7... Nc6 8. exd6 exd6 9. O-O
Be7 10. Bf4 Be6 11. Qd3 Bxc4 12. Qxc4 $16) 8. Nxe5 e6 9. Qf3 Qf6 10. Bf4 Bc6
11. Nxc6 Nxc6 12. Ba6 Qe7 13. O-O-O Rc8 14. Bb5 a6 ({8:-1.23} 14... a6 15.
Bxc6+ Rxc6 16. Kb1 f6 17. Rhe1 c4 18. Qh5+ g6 19. Qe2 19... Bg7 $16) ({8:-0.92
} 14... Qf6 15. Qe4 Be7 16. Bd3 e5 17. Be3 Rd8 18. Rhe1 $16) 15. Bd3 e5 ({
8:-1.29} 15... e5 16. Qg4 Rd8 17. Rhe1 Rd5 18. Qc8+ Rd8 19. Qf5 19... Rd5 $16)
({8:-1.10} 15... Qh4 16. g3 Qh3 17. Bg5 f6 18. Bh4 Be7 19. Qh5+ 19... g6 $16)
16. Be3 Rd8 17. Be4 Rxd1+ 18. Rxd1 Qc7 19. Bg5 f6 ({8:-1.85} 19... f6 20. Be3
Bd6 21. Qh5+ Kf8 22. Bxh7 Qf7 23. Qxf7+ Kxf7 24. Be4 Ke6 25. Bxc6 25... bxc6
$18) ({8:-1.54} 19... Be7 20. Bxe7 Nxe7 21. Bxb7 a5 22. Ba6 O-O 23. Qb7 Rc8 24.
Qxc7 24... Rxc7 $18) 20. Be3 Qa5 ({8:-6.65} 20... Qa5 21. Bxc6+ bxc6 22. Qxc6+
Kf7 23. Rd7+ Be7 24. Bxc5 Re8 25. Qd6 Kg6 26. Rxe7 Rxe7 27. Qxe7 27... Qxa2 $18
) ({8:-2.29} 20... Bd6 21. Bxc6+ bxc6 22. Qg4 c4 23. Qxc4 Be7 24. Qxa6 O-O 25.
Qc4+ 25... Rf7 $18) 21. Qf5 Qc7 22. Qh5+ g6 23. Bxg6+ hxg6 24. Qxh8 Qe7 ({
10:-4.39} 24... Qe7 25. Qg8 Qf7 26. Qxf7+ Kxf7 27. Rd7+ Ke6 28. Rxb7 a5 29. Rb6
Kd6 30. Kd2 30... Bg7 $18) ({10:-4.13} 24... Qg7 25. Qxg7 Bxg7 26. Bxc5 Bh6+
27. Kb1 Bf4 28. b3 e4 29. Kb2 Ne5 30. Bd6 $18) 25. Qg8 Qf7 26. Qxf7+ Kxf7 27.
Rd7+ Ke6 28. Rxb7 Kd6 29. c4 f5 30. Rf7 Be7 31. Rg7 f4 32. Rxg6+ Kc7 1-0

[Event "ICS Rated standard match"]
[Site "207.99.5.190"]
[Date "1999.03.15"]
[Round "?"]
[White "Russkie"]
[Black "Hossa"]
[Result "0-1"]
[WhiteElo "2149"]
[BlackElo "2160"]
[PlyCount "60"]

1. e4 e5 2. Nf3 Nc6 3. Nc3 Bb4 4. Nd5 Ba5 5. Bc4 Nf6 6. O-O Nxe4 7. d4 Nd6 8.
Bb3 Nxd4 9. Nxd4 exd4 10. Qe2+ Kf8 11. Bf4 Ne8 12. Qe5 d6 13. Qxd4 Rg8 14. c3
c6 15. Ne3 Bb6 16. Qd3 Qf6 17. Bg3 Qh6 18. Rae1 d5 19. Nxd5 cxd5 20. Rxe8+ Kxe8
21. Ba4+ Ke7 22. Qxd5 Qe6 23. Qg5+ Qf6 24. Re1+ Be6 25. Qb5 Kd8 26. Rd1+ Kc8
27. Bb3 Qg6 28. Qb4 Re8 29. a4 Bxb3 30. Qxb3 30... Qe6 {Russkie resigns} 0-1